00415nam a22001217a 4500008004100000040001800041041000800059245004200067260007700109300001800186600003200204600005700236130821s fr gr fre  aCo-BoUCMbspa00afre00aOeuvres de Alphonse Daudet, 1840-1897 aParís (Francia)bLibrairie Alphonse Lemerre, s,f.c[fecha desconocida] a260 páginas aDaudet, Alphonsey1840-1897 aDaudet, Alphonsey1840-1897vColecciones de escritos